La géologie expérimentale / (Record no. 178927)
[ view plain ]
| 000 -LEADER | |
|---|---|
| campo de control de longitud fija | 00807namaa22002291 4500 |
| 001 - NÚMERO DE CONTROL | |
| campo de control | 178927 |
| 003 - IDENTIFICADOR DE NÚMERO DE CONTROL | |
| campo de control | ES-MaACL |
| 005 - FECHA Y HORA DE LA ÚLTIMA TRANSACCIÓN | |
| campo de control | 20250815110844.0 |
| 008 - DATOS DE LONGITUD FIJA--INFORMACIÓN GENERAL | |
| campo de control de longitud fija | 110810s1904 fr |||| | fre d |
| 080 ## - NÚMERO DE LA CLASIFICACIÓN DECIMAL UNIVERSAL | |
| Número de la Clasificación Decimal Universal | 55 |
| 100 0# - ENTRADA PRINCIPAL--NOMBRE DE PERSONA | |
| Nombre de persona | Meunier, Stanislas. |
| 9 (RLIN) | 80761 |
| 245 13 - MENCIÓN DEL TÍTULO | |
| Título | La géologie expérimentale / |
| Mención de responsabilidad, etc. | par Stanislas Meunier. |
| 250 ## - MENCION DE EDICION | |
| Mención de edición | 2e éd. rev. |
| 260 1# - PUBLICACIÓN, DISTRIBUCIÓN, ETC. | |
| Lugar de publicación, distribución, etc. | París : |
| Nombre del editor, distribuidor, etc. | Félix Alcan : |
| -- | Ancienne Librairie Germer Baillière et Cª, |
| Fecha de publicación, distribución, etc. | 1904 ( |
| Lugar de fabricación/manufactura | Evreaux : |
| Fabricante | Charles Herissay) |
| 300 ## - DESCRIPCIÓN FÍSICA | |
| Extensión | IV, 321 p. ; |
| Dimensiones | 23 cm. |
| 490 1# - MENCIÓN DE SERIE | |
| Mención de serie | Bibliothèque scientifique internationale ; |
| Designación de volumen o secuencia | 92 |
| 500 ## - NOTA GENERAL | |
| Nota general | Avec 56 figures dans le texte. |
| 650 07 - PUNTO DE ACCESO ADICIONAL DE MATERIA--TÉRMINO DE MATERIA | |
| Término de materia o nombre geográfico como elemento de entrada | Geología |
| Fuente del encabezamiento o término | embne |
| 9 (RLIN) | 13086 |
| 830 0# - PUNTO DE ACCESO ADICIONAL DE SERIE-TÍTULO UNIFORME | |
| Título uniforme | Bibliothèque scientifique internationale ; |
| Designación de volumen o secuencia | 92 |
| 9 (RLIN) | 186949 |
| 852 ## - LOCALIZACIÓN | |
| Ubicación | ES-MaACL |
| Número de control de estantería | F-14421 |
| Estatus retirado | Estado de pérdida | Estado de daño | No para préstamo | Biblioteca de origen | Biblioteca actual | Ubicación en estantería | Fecha de adquisición | Fuente de adquisición | Total de préstamos | Signatura topográfica completa | Código de barras | Visto por última vez | Precio de reemplazo | Tipo de ítem Koha |
|---|---|---|---|---|---|---|---|---|---|---|---|---|---|---|
| Biblioteca del Ateneo de Madrid | Biblioteca del Ateneo de Madrid | Sala Pecera Planta 2 | 10/08/2011 | F-14421 | 1187952 | 23/02/2023 | 23/02/2023 | Libro impreso |
